000 00499nam a2200193Ia 4500
005 20220601141209.0
008 131103s9999 xx 000 0 und d
020 _a72253520
_cRs. 150
040 _aLoreto College
041 _aEnglish
082 _aF
_bCOE
100 _aCoelho, Paulo
245 _aBy the river Piedra I sat down and wept
_cPaulo Coelho
260 _aNew Delhi
_bHarperCollins India
_c2002
300 _a210p, 19.5 cm.
650 _aFiction
850 _aLCLIB
942 _cBK
999 _c2286
_d52765